Loading...

The press Under Pressure

Bibliografiske detaljer
Hovedforfatter: D .R. Mankekar
Format: Printed Book
Udgivet: Indian Book Company, New Delhi 1973
LEADER 00328nam a2200109 4500
082
100 |a D .R. Mankekar 
245 |a The press Under Pressure  |c D .R. Mankekar 
260 |a Indian Book Company, New Delhi  |c 1973 
942 |c BK 
999 |c 194243  |d 194243 
952 |0 0  |1 0  |4 0  |7 0  |9 207592  |a DCI  |b DCI  |d 2019-10-29  |l 0  |p DCI517  |r 2019-10-29  |w 2019-10-29  |y BK